000 00849nam a2200289 i 4500
001 C2-0258170
003 PPAK
005 20180727224852.0
008 041007s2004 my a|||| ||||| | may d
020 _a9831980360
040 _aPPAK
_beng
_cPPAK
_erda
082 0 4 _a371.4
_223
090 0 0 _a371.4
_bZUR
_dK
090 0 0 _a371.4
_bZUR
_dRK
100 0 _aZurinah Ahmad,
_eauthor
245 1 0 _aKepentingan dunia kerjaya
264 1 _aKuala Lumpur :
_bJade Green Publications ,
_c2004
300 _a64 pages :
_bcolour illustrations ;
_c29 cm
336 _2rdacontent
_atext
337 _2rdamedia
_aunmediated
338 _2rdacarrier
_avolume
490 1 _aBimbingan dan kaunseling
650 1 0 _aVocational guidance ; Career education ; Motivation (Psychology)
700 _eauthor
830 0 _aBimbingan dan kaunseling
942 _ddc
_cB
999 _c69783
_d69783